Línies bàsiques i marc general del programa migració i ciutadania : avantprojecte avantprojecte
Descripción Física:
[22] f. ; 29 cm
MARC
| LEADER | 00000nam a2200000Ia 4500 | ||
|---|---|---|---|
| 001 | 22358 | ||
| 008 | 160829s2000 xx 000 0 cat d | ||
| 080 | |a FU-55-7 | ||
| 245 | |a Línies bàsiques i marc general del programa migració i ciutadania : |b avantprojecte | ||
| 260 | |a Barcelona : |b CRID, Consorci de Recursos i Documentació per a l'Autonomia Personal, |c 2000 | ||
| 300 | |a [22] f. ; |c 29 cm | ||
| 590 | |a A la portada: 30 de maig de 2000 | ||
| 610 | 2 | 0 | |a Consorci de Recursos i Documentació per a l'Autonomia Personal |9 53949 |
| 650 | |a Immigrants |9 42202 | ||
| 650 | |a Treball social amb els immigrants |9 42203 | ||
| 901 | |a Arxiu | ||
| 942 | |n 1 | ||
| 952 | |0 0 |1 0 |4 0 |6 FU557 |7 1 |9 50706 |a Arxiu |b Arxiu |d 2016-12-01 |l 0 |o FU-55-7 |p 22358 |r 2016-12-01 00:00:00 |w 2016-12-01 |y ARXIU | ||
| 999 | |c 54548 |d 54548 | ||